| 000 | 00647nam a2200229Ia 4500 | ||
|---|---|---|---|
| 003 | OSt | ||
| 005 | 20221007080054.0 | ||
| 006 | a|||||r|||| 00| 0 | ||
| 007 | ta | ||
| 008 | 221006b |||||||| |||| 00| 0 eng d | ||
| 024 | _a27,473 | ||
| 037 | _cReports / Technical Reports | ||
| 040 |
_aFLL _cFLL _beng |
||
| 041 |
_2eng _aeng |
||
| 082 | _aZ58,8, M0 | ||
| 100 |
_aVanamamalai N T _9694587 |
||
| 245 | 0 | _aLaw and justice in the USSR | |
| 260 |
_aNew Delhi _bSterling Publishers Pvt Ltd India _c1980 |
||
| 300 |
_a168p _ccm. |
||
| 942 |
_hZ58,8, M0 _cREP _2CC |
||
| 999 |
_c1158277 _d1158277 |
||